000 00338nam a2200133Ia 4500
008 211109s9999||||xx |||||||||||||| ||und||
082 _a891.436
_bGUP-B
100 _aGuptha, Nanyoo Lal
245 0 _aBerar Ke Sufi Shayar
260 _bBanvarilal Jain
_aAgra
630 _xGENERAL STACK
650 _aLITERATURE
_vGeneralia
942 _cBOOK
999 _c70341
_d70341